[Event "Enschede op-B U16"]
[Site "Enschede"]
[Date "2009.08.04"]
[Round "3"]
[White "Faber, Jort"]
[Black "Bos, Robin"]
[Result "1-0"]
[WhiteElo "1886"]
[BlackElo "1718"]
[PlyCount "43"]
[EventDate "2009.08.03"]
[EventType "swiss"]
[EventRounds "9"]
[EventCountry "NED"]
[SourceTitle "CBM 132 Extra"]
[Source "ChessBase"]
[SourceDate "2009.11.03"]
[SourceVersion "1"]
[SourceVersionDate "2009.11.03"]
[SourceQuality "1"]

1. Nc3 Nf6 2. d4 g6 3. e4 d6 4. f3 Bg7 5. Be3 0-0 6. Qd2 Nbd7 7. Bh6 c5 8. Bxg7 Kxg7 9. d5 Nb6 10. a4 Rb8 11. g4 e6 12. Be2 exd5 13. exd5 Re8 14. 0-0-0 Re5 15. f4 Re7 16. f5 Re5 17. Nf3 Ne4 18. Qe3 Re8 19. Nxe4 gxf5 20. gxf5 Bxf5 21. Rhg1+ Kh8 22. Qh6 1-0

[Event "Enschede op-B U16"]
[Site "Enschede"]
[Date "2009.08.04"]
[Round "2"]
[White "Laan, Kart"]
[Black "Faber, Jort"]
[Result "1-0"]
[WhiteElo "1763"]
[BlackElo "1886"]
[PlyCount "21"]
[EventDate "2009.08.03"]
[EventType "swiss"]
[EventRounds "9"]
[EventCountry "NED"]
[SourceTitle "CBM 132 Extra"]
[Source "ChessBase"]
[SourceDate "2009.11.03"]
[SourceVersion "1"]
[SourceVersionDate "2009.11.03"]
[SourceQuality "1"]

1. d4 c5 2. Nf3 cxd4 3. Nxd4 e5 4. Nb5 d5 5. Qxd5 Bd7 6. Qxe5+ Be7 7. Nc7+ Kf8 8. Nxa8 Nc6 9. Qc7 Nd4 10. Qxd8+ Bxd8 11. Na3 1-0

[Event "NED-ch U17"]
[Site "Venlo"]
[Date "2009.04.28"]
[Round "5"]
[White "Faber, Jort"]
[Black "Otten, Martijn"]
[Result "0-1"]
[WhiteElo "1840"]
[BlackElo "1735"]
[PlyCount "52"]
[EventDate "2009.04.24"]
[EventType "swiss"]
[EventRounds "9"]
[EventCountry "NED"]
[SourceTitle "EXT 2013"]
[Source "ChessBase"]
[SourceDate "2012.11.22"]
[SourceVersion "1"]
[SourceVersionDate "2012.11.22"]
[SourceQuality "1"]

1. e4 e6 2. d4 d5 3. exd5 exd5 4. Bf4 Bd6 5. Bxd6 Qxd6 6. Nc3 Nc6 7. Bd3 Nge7 8. Nge2 Bg4 9. f3 Bf5 10. g4 Bxd3 11. Qxd3 0-0-0 12. 0-0-0 Na5 13. b3 a6 14. Kb2 Qb6 15. Na4 Qf6 16. Ng3 g6 17. Rhe1 Rhe8 18. Nc5 Nec6 19. c3 Nb8 20. Re2 Rxe2+ 21. Qxe2 Nac6 22. Re1 Nxd4 23. Qe3 Nb5 24. g5 Qh8 25. Qf4 Qxc3+ 26. Kb1 Na3# 0-1

[Event "NED-ch U17"]
[Site "Venlo"]
[Date "2009.04.25"]
[Round "2"]
[White "Ten Hertog, Hugo"]
[Black "Faber, Jort"]
[Result "1-0"]
[WhiteElo "2008"]
[BlackElo "1840"]
[PlyCount "35"]
[EventDate "2009.04.24"]
[EventType "swiss"]
[EventRounds "9"]
[EventCountry "NED"]
[SourceTitle "EXT 2013"]
[Source "ChessBase"]
[SourceDate "2012.11.22"]
[SourceVersion "1"]
[SourceVersionDate "2012.11.22"]
[SourceQuality "1"]

1. e4 d5 2. exd5 Nf6 3. d4 Bg4 4. Nf3 Qxd5 5. Be2 Nc6 6. c4 Qh5 7. Be3 e5 8. d5 Bb4+ 9. Kf1 0-0-0 10. Qb3 e4 11. Ng1 Nxd5 12. cxd5 Bxe2+ 13. Nxe2 Rxd5 14. Nbc3 Rd3 15. Nf4 Qf5 16. Nxd3 exd3 17. Qd5 Qg6 18. Qe4 1-0

[Event "Delft Prinsenstad op-B"]
[Site "Delft"]
[Date "2009.01.03"]
[Round "3"]
[White "Merza, Morris"]
[Black "Faber, Jort"]
[Result "1-0"]
[WhiteElo "1989"]
[BlackElo "1764"]
[PlyCount "33"]
[EventDate "2009.01.02"]
[EventType "swiss"]
[EventRounds "6"]
[EventCountry "NED"]
[SourceTitle "EXT 2011"]
[Source "ChessBase"]
[SourceDate "2010.11.26"]
[SourceVersion "1"]
[SourceVersionDate "2010.11.26"]
[SourceQuality "1"]

1. e4 d5 2. exd5 Nf6 3. d4 Bg4 4. Be2 Bxe2 5. Qxe2 Qxd5 6. Nf3 Nc6 7. c4 Qh5 8. Nc3 g6 9. Nb5 0-0-0 10. d5 a6 11. dxc6 axb5 12. cxb7+ Kxb7 13. 0-0 e6 14. Bg5 Be7 15. Qe5 Ng4 16. Qxb5+ Kc8 17. Bxe7 1-0

[Event "NED-ch U17"]
[Site "Venlo"]
[Date "2008.05.01"]
[Round "7"]
[White "Slagter, David"]
[Black "Faber, Jort"]
[Result "1-0"]
[WhiteElo "1884"]
[BlackElo "1619"]
[PlyCount "99"]
[EventDate "2008.04.25"]
[EventType "swiss"]
[EventRounds "9"]
[EventCountry "NED"]
[SourceTitle "CBM 123 Extra"]
[Source "ChessBase"]
[SourceDate "2008.05.06"]
[SourceVersion "1"]
[SourceVersionDate "2008.05.06"]
[SourceQuality "1"]

1. e4 d5 2. exd5 Nf6 3. Nf3 Nxd5 4. d4 Bg4 5. c4 Nb6 6. c5 Nd5 7. Qb3 Bxf3 8. Qxb7 Ne3 9. Qxf3 Nc2+ 10. Kd1 Nxd4 11. Qxa8 Nb3+ 12. Bd2 Nxa1 13. Bb5+ Nd7 14. Bxd7+ Kxd7 15. c6+ Ke8 16. Qxd8+ Kxd8 17. b4 e5 18. Bc3 f6 19. Bxa1 Bxb4 20. Ke2 Ke7 21. Rd1 Bd6 22. Bb2 Rb8 23. Ba3 Ke6 24. Bxd6 cxd6 25. c7 Rc8 26. Rc1 d5 27. Nd2 Kd6 28. Kd3 Rxc7 29. Rxc7 Kxc7 30. Kc3 Kb6 31. Kb4 g5 32. Nf1 h5 33. Ne3 Kc6 34. g4 h4 35. Nf5 Kb6 36. Ne7 a5+ 37. Kc3 Kc5 38. Ng8 d4+ 39. Kd3 Kb4 40. Nxf6 Ka3 41. Nh7 Kxa2 42. Nxg5 Kb2 43. Ne4 a4 44. Nd2 Ka3 45. g5 Kb4 46. g6 a3 47. g7 a2 48. g8Q a1Q 49. Qb8+ Ka3 50. Qb3# 1-0